[Event "Hochsauerland-ch U18"]
[Site "Foeckinghausen"]
[Date "2003.01.04"]
[Round "2"]
[White "Klauke, Christoph"]
[Black "Das Neves, David"]
[Result "0-1"]
[WhiteElo "1313"]
[BlackElo "1642"]
[PlyCount "50"]
[EventDate "2003.01.??"]
[EventType "tourn"]
[EventRounds "5"]
[EventCountry "GER"]
[SourceTitle "EXT 2005"]
[Source "ChessBase"]
[SourceDate "2004.11.15"]
[SourceVersion "1"]
[SourceVersionDate "2004.11.15"]
[SourceQuality "1"]

1. e4 c5 2. Nf3 Nc6 3. Bb5 Nd4 4. Nxd4 cxd4 5. 0-0 a6 6. Ba4 b5 7. Bb3 e6 8. Qh5 Nf6 9. Qf3 Bb7 10. d3 Bd6 11. Bf4 Bxf4 12. Qxf4 d6 13. e5 dxe5 14. Qxe5 0-0 15. c3 dxc3 16. bxc3 Qxd3 17. Re1 Nd5 18. Rd1 Qg6 19. g3 Rac8 20. Rc1 Qh6 21. Rc2 Qh3 22. f3 Rfd8 23. c4 Ne3 24. Qxe3 Rd1+ 25. Kf2 Qf1# 0-1

[Event "Hochsauerland-ch U18"]
[Site "Foeckinghausen"]
[Date "2003.01.03"]
[Round "1"]
[White "Wrede, Stefan"]
[Black "Klauke, Christoph"]
[Result "1-0"]
[WhiteElo "1988"]
[BlackElo "1313"]
[PlyCount "81"]
[EventDate "2003.01.??"]
[EventType "tourn"]
[EventRounds "5"]
[EventCountry "GER"]
[SourceTitle "EXT 2005"]
[Source "ChessBase"]
[SourceDate "2004.11.15"]
[SourceVersion "1"]
[SourceVersionDate "2004.11.15"]
[SourceQuality "1"]

1. c4 e5 2. g3 Nf6 3. Bg2 Bc5 4. Nc3 0-0 5. d3 Nc6 6. Nf3 d6 7. 0-0 Re8 8. Bg5 Bg4 9. Nd5 Bb4 10. Nd2 Be6 11. Bxf6 gxf6 12. Nxb4 Nxb4 13. Qb3 c5 14. h3 Nc6 15. Qxb7 Rc8 16. Bxc6 Re7 17. Qa6 Bxh3 18. Bg2 Bd7 19. Qxd6 Re6 20. Qd5 Bc6 21. Qxd8+ Rxd8 22. Bxc6 Rxc6 23. b4 f5 24. f3 e4 25. fxe4 fxe4 26. Nxe4 f5 27. Rxf5 Rf8 28. Rxf8+ Kxf8 29. Rf1+ Ke7 30. Nxc5 h5 31. d4 Rg6 32. e4 h4 33. Kg2 Rd6 34. d5 Kd8 35. Nb7+ Kd7 36. Rf7+ Ke8 37. Nxd6+ Kd8 38. e5 h3+ 39. Kxh3 a6 40. e6 a5 41. Rd7# 1-0